Stimulácia zamestnancov podniku s využitím moderných metód bakalárska práca

Salvato in:
Dettagli Bibliografici
Autore principale: Poláková, Barbora
Ente Autore: Fakulta podnikového manažmentu EU. Katedra manažmentu
Altri autori: Abuladze, Lasha, 1991-
Natura: Libro
Lingua:slovacco
Pubblicazione: Bratislava 2023
Tags: Aggiungi Tag
Nessun Tag, puoi essere il primo ad aggiungerne!!

MARC

LEADER 00000nbm a2200000 4500
001 0293695
005 20240220103848.6
041 0 |a slo 
044 |a SK 
245 1 0 |a Stimulácia zamestnancov podniku s využitím moderných metód  |b bakalárska práca  |c Barbora Poláková ; školiteľ: Lasha Abuladze 
264 1 |a Bratislava  |c 2023 
300 |a 58 s. 
100 1 |a Poláková, Barbora 
700 1 |a Abuladze, Lasha, 1991- 
710 2 |a Fakulta podnikového manažmentu EU. Katedra manažmentu